Datum a čas kvízu

36 Celkem bodů Celkový počet nahraných bodů na tomto kvízu bez doplňovacích otázek.
4. Pořadí na kvízu Konečné umístění týmu na tomto kvízu.

Zaznamenané odpovědi

# Otázka Odpověď Body Výsledky
1. Prezident Pavel si při své dvo... TON 0
2. Záplavy minulý týden velmi ztí... Dubaj 1
3. Ve čtvrtek vystoupil v brněnsk... Slash 0
4. České vývojářské studio Warhor... Kingdom Come: Deliverance 1
5. Při závodě třídy Moto3 ve Velk... snažil se nastartovat soupeřovu motorku 1
6. Jihoafrická republika má de fa... Kapské město; Bloemfontein 0.5
7. Které evropské hlavní město se... Oslo 1
8. Zatímco některé země mají hlav... o Nauru 1
9. Které malebné a nepříliš lidna... Lublaň 1
10. Kazachstán drží rekord v přejm... Astana; Nur-Sultan 1